000 02177nam a22002897a 4500
999 _c6554
_d6554
003 OSt
005 20200219114551.0
008 200219s2017 ck ||||gr|||| 001 0 spa d
020 _a9789584268556
040 _aCO-JMCR
_cCO-JMCR
041 1 _aspa
_hfr
082 0 4 _a158.119 /
_bT158m
_220
100 1 _aTannier, Kankyo,
_eautora
_9734
245 1 3 _aLa magia del silencio /
_cKankyo Tannier ; traducción de Palmira Feixas
250 _aPrimera edición
260 _aColombia :
_bPlaneta,
_c2017
300 _a221 páginas ;
_c21 cm.
500 _aIncluye datos biográficos del la autora en solapa frontal.
500 _aTitulo original: Ma cure de Silence.
505 _aLas virtudes del silencio -- Los grandes silencios -- El silencio visual -- El silencio de las palabras -- El silencio del cuerpo -- Una cura de silencio en casa -- EL silencio de los actos o la espiritualidad ética
520 _aDesbordados por la falta de tiempo, por la sobre información y por una vida profesional y personal que a menudo nos exige más de lo que podemos dar, a veces explotamos y nos sentimos perdidos, cansados y hartos de todo. ? Y si la solución fuera la magia del silencio? Kankyo Tannier, la autora de este libro, es monja budista laica y practica el silencio desde hace varios años en una idíl̕ica cabaña en los bosques de Alsacia, en plena conexión̤ con la naturaleza y los animales. Kankyo parte de esa extraordinaria experiencia, nos enseña a incorporar la magia del silencio (espiritual y físico) en nuestro da̕ a da̕ y nos ayuda a mejorar nuestro estado interior sin necesidad de cambiar nuestra vida. A través de ejercicios sencillos y prácticos, este libro nos conducir ̀por la senda del silencio y de la felicidad: el silencio de palabras, para poder captar realmente lo que sucede a nuestro alrededor; el silencio visual, para que nuestra mirada sepa prescindir de datos inút︢iles, y el silencio corporal, para aprender a escuchar lo que nuestro cuerpo nos dice.
546 _aTraducido del Francés.
650 1 4 _aEspiritualidad
_9735
650 1 4 _aSilencio
_9736
700 1 _aFeixas, Palmira,
_etraductora
_9737
942 _2ddc
_cBK